Video Games Quotes - Statistics

General Stats
  • This quiz has been taken 45,434 times
  • The average score is 8 of 17
Answer Stats
Quote Video Game % Correct
Thank you Mario! But our princess is in another castle! Super Mario Bros
98%
Flawless victory Mortal Kombat
88%
It’s super effective! Pokemon
73%
It's dangerous to go alone! Take this... The Legend of Zelda
70%
The cake is a lie Portal
66%
Tiger uppercut Street Fighter
65%
I took an arrow in the knee The Elder Scrolls
64%
Do a barrel roll Star Fox
53%
You have died of dysentery Oregon Trail
47%
I'm a Wario, I'm-a gonna win Mario Kart
42%
Mac! Watch his Bull Charge! Stand up to him! Punch-Out!!!
41%
Killtacular Halo
38%
Would you kindly … Bioshock
33%
He's heating up! He's on fire! NBA Jam
25%
Nuclear launch detected Starcraft
21%
Zug zug Warcraft
15%
All your base are belong to us Zero Wing
8%
No matching quizzes found
Score Distribution
Percent of People with Each Score
Percentile by Number Answered
Your Score History
You have not taken this quiz